Application cases in MIS / (Record no. 99)

MARC details
000 -LEADER
fixed length control field 00741nam a2200241 a 4500
001 - CONTROL NUMBER
control field 99
005 - DATE AND TIME OF LATEST TRANSACTION
control field 20221127085843.0
008 - FIXED-LENGTH DATA ELEMENTS--GENERAL INFORMATION
fixed length control field 050920s lxxua | 00000|eng d
020 ## - INTERNATIONAL STANDARD BOOK NUMBER
International Standard Book Number 0071238360(intern. ed.) :
Terms of availability SR210.00
020 ## - INTERNATIONAL STANDARD BOOK NUMBER
International Standard Book Number 0072933631 :
Terms of availability SR00.00
035 ## - SYSTEM CONTROL NUMBER
System control number 109
082 04 - DEWEY DECIMAL CLASSIFICATION NUMBER
Classification number 658.4038
Item number M822 2005
100 1# - MAIN ENTRY--PERSONAL NAME
Personal name Morgan, James.
245 10 - TITLE STATEMENT
Title Application cases in MIS /
Statement of responsibility, etc. James Morgan.
246 1# - VARYING FORM OF TITLE
Title proper/short title Application cases in management information systems.
250 ## - EDITION STATEMENT
Edition statement 5th ed.
260 ## - PUBLICATION, DISTRIBUTION, ETC.
Place of publication, distribution, etc. Boston, Mass. :
Name of publisher, distributor, etc. McGraw-Hill,
Date of publication, distribution, etc. 2005.
300 ## - PHYSICAL DESCRIPTION
Extent xii, 170 p. :
Other physical details ill. ;
Dimensions 25 cm.
500 ## - GENERAL NOTE
General note Prev. ed. : 2002.
650 #4 - SUBJECT ADDED ENTRY--TOPICAL TERM
Topical term or geographic name entry element Management information systems.
650 #4 - SUBJECT ADDED ENTRY--TOPICAL TERM
Topical term or geographic name entry element MIS(Informations systems).
650 #4 - SUBJECT ADDED ENTRY--TOPICAL TERM
Topical term or geographic name entry element Business
General subdivision Data processing.
Holdings
Withdrawn status Lost status Source of classification or shelving scheme Damaged status Not for loan Home library Current library Date acquired Total Checkouts Full call number Barcode Date last seen Copy number Price effective from Koha item type
              11/27/2022   658.4038 M822 2005 1000000009061 11/27/2022 C4 11/27/2022 Book
          CENTRAL CENTRAL 11/27/2022   658.4038 M822 2005 1000000001577 11/27/2022 C1 11/27/2022 Book
          CENTRAL CENTRAL 11/27/2022   658.4038 M822 2005 1000000001578 11/27/2022 C2 11/27/2022 Book
          CENTRAL CENTRAL 11/27/2022   658.4038 M822 2005 1000000007553 11/27/2022 C3 11/27/2022 Book